| 000 | 00626nam a22002297a 4500 | ||
|---|---|---|---|
| 003 | UA-OsUOA | ||
| 001 | 99856 | ||
| 007 | ta | ||
| 008 | 20130520b un ||||| |||| 00| 0 ukr d | ||
| 100 | _aТынянов Ю. | ||
| 090 |
_a821.161.1 _bТ93 |
||
| 942 | _cBK | ||
| 040 |
_aUA-OsUOA _brus _cUA-OsUOA _dUA-OsUOA |
||
| 245 | _aСмерть Вазир-Мухтара | ||
| 300 | _a480 с. | ||
| 955 | _a3 | ||
| 041 | _arus | ||
| 080 | _a821.161.1 | ||
| 260 |
_aМ. _bХудожественная литература _c1975 |
||
| 650 | 7 |
_a82 Література. Літературознавство _2UDC |
|
| 999 |
_c386093 _d386093 |
||